Удивительное путешествие кролика Эдварда (Запись № 10856590)

Подробности
000 -МАРКЕР
контрольное поле 01559nam0a2200361 4500
001 - ИДЕНТИФИКАТОР ЗАПИСИ
контрольное поле RU\NLR\BIBL_A\010978194
005 - ИДЕНТИФИКАТОР ВЕРСИИ
контрольное поле 20220325141805.0
010 ## - МЕЖДУНАРОДНЫЙ СТАНДАРТНЫЙ НОМЕР КНИГИ (ISBN)
Номер (ISBN) 978-5-389-10543-0
Тираж 10000
021 ## - НОМЕР ГОСУДАРСТВЕННОЙ РЕГИСТРАЦИИ
Код страны Российская Федерация
Номер КН-П-19-014075
Номер Листа государственной регистраци КН-П-19-1052
021 ## - НОМЕР ГОСУДАРСТВЕННОЙ РЕГИСТРАЦИИ
Код страны Российская Федерация
Номер КН-П-20-078043
Номер Листа государственной регистраци КН-П-20-5896
035 ## - ДРУГИЕ СИСТЕМНЫЕ НОМЕРА
Идентификатор записи (NLR Aleph) 010978194
035 ## - ДРУГИЕ СИСТЕМНЫЕ НОМЕРА
Идентификатор записи (RuMoRGB)010505096
035 ## - ДРУГИЕ СИСТЕМНЫЕ НОМЕРА
Идентификатор записи (RuMoRGB)009499817
035 ## - ДРУГИЕ СИСТЕМНЫЕ НОМЕРА
Идентификатор записи (NILC)RuMoRGB-008119931
100 ## - ДАННЫЕ ОБЩЕЙ ОБРАБОТКИ
Данные общей обработки 20160209d2016 k y0rusy50 ca
101 1# - ЯЗЫК РЕСУРСА
Язык текста, звукозаписи и т.д. русский
Язык оригинала английский
102 ## - СТРАНА ПУБЛИКАЦИИ ИЛИ ПРОИЗВОДСТВА
Страна публикации Российская Федерация
105 ## - ПОЛЕ КОДИРОВАННЫХ ДАННЫХ: ТЕКСТОВЫЕ МАТЕРИАЛЫ, МОНОГРАФИЧЕСКИЕ
Кодированные данные о монографическом текстовом документе a|||z|||000ay
200 1# - ЗАГЛАВИЕ И СВЕДЕНИЯ ОБ ОТВЕТСТВЕННОСТИ
Основное заглавие Удивительное путешествие кролика Эдварда
Сведения, относящиеся к заглавию [сказочная повесть
-- для младшего школьного возраста]
Первые сведения об ответственности Кейт ДиКамилло
Последующие сведения об ответственности пер. с англ. - Ольга Варшавер
-- худож. Баграм Ибатуллин
210 ## - ПУБЛИКАЦИЯ, РАСПРОСТРАНЕНИЕ И ДР.
Место издания, распространения и т.д. Москва
Имя издателя, распространителя и т. д. Махаон
-- Азбука-Аттикус
Дата издания, распространения и т.д. 2016
215 ## - ФИЗИЧЕСКАЯ ХАРАКТЕРИСТИКА
Специфическое обозначение материала и объем 142, [1] с.
Другие сведения о физической характеристике ил.
Размеры 22
225 1# - СЕРИЯ
Основное заглавие серии Чтение - лучшее учение
333 ## - ПРИМЕЧАНИЯ ОБ ОСОБЕННОСТЯХ РАСПРОСТРАНЕНИЯ И ИСПОЛЬЗОВАНИЯ
Текст примечания 0+
686 0# - ИНДЕКСЫ ДРУГИХ КЛАССИФИКАЦИЙ
Индекс Ш9(7США)60-4
700 #1 - ИМЯ ЛИЦА - ПЕРВИЧНАЯ ОТВЕТСТВЕННОСТЬ
Графика поля Кириллица
Материалы, к которым относится поле rus
Начальный элемент ввода ДиКамилло
Часть имени, кроме начального элемента ввода К.
Даты 1964-
Расширение инициалов личного имени Кейт
Системный номер авторитетной/нормативной записи 74138
Идентификатор авторитетной/нормативной записи RU\NLR\AUTH\7791211
702 #1 - ИМЯ ЛИЦА - ВТОРИЧНАЯ ОТВЕТСТВЕННОСТЬ
Код отношения Карикатурист, Художник
Начальный элемент ввода Ибатуллин
Часть имени, кроме начального элемента ввода Б.
Дополнения к именам, кроме дат иллюстратор детских книг
Расширение инициалов личного имени Баграм
Системный номер авторитетной/нормативной записи 185797
Идентификатор авторитетной/нормативной записи RU\NLR\AUTH\770185848
801 #0 - ИСТОЧНИК ЗАПИСИ
Страна Российская Федерация
Организация РГБ
Дата составления 20160120
Правила каталогизации RCR
942 ## - ДОПОЛНИТЕЛЬНЫЕ ЭЛЕМЕНТЫ ЗАПИСИ (АБИС)
Тип экземпляра АБИС Книга
980 ## - КОЛЛЕКЦИЯ
Название коллекции Национальная библиография
Экземпляры
Тип экземпляра Дата поступления Источник поступления Библиотека постоянного хранения Библиотека текущего хранения Место хранения Шифр хранения Штрих-код Статус экземпляра Стоимость Нумерация / хронология для периодики
Книга 09.02.2016 Обязательный экземпляр РНБ (Московский) РНБ (Московский) Русский книжный фонд: издания с 1957 года 2016-5/1038 1-1368959      
Книга 09.02.2016 Обязательный экземпляр РНБ (Московский) РНБ (Московский) Обменный фонд   1-1368958   70.00  
Книга 17.05.2017 Обязательный экземпляр РНБ (Московский) РНБ (Московский) Обменный фонд   1-1862403   85.00 2017
Книга 24.01.2018 Обязательный экземпляр РНБ (Московский) РНБ (Московский) Обменный фонд   1-2156248   80.00 2018
Книга 24.01.2018 Обязательный экземпляр РНБ (Московский) РНБ (Московский) Обменный фонд   1-2156247   90.00 2018
Книга 28.03.2019 Обязательный экземпляр РНБ (Московский) РНБ (Московский) Обменный фонд   1-2651383   135.00 2019
Книга 28.03.2019 Обязательный экземпляр РНБ (Московский) РНБ (Московский) Обменный фонд   1-2651384   135.00 2019
Книга 06.04.2021 Обязательный экземпляр РНБ (Московский) РНБ (Московский) Обменный фонд   1-3338334   0.00 2020
Книга 06.04.2021 Обязательный экземпляр РНБ (Московский) РНБ (Московский) Обменный фонд   1-3338335   0.00 2020
Книга 17.05.2017 Обязательный экземпляр РНБ (Фонтанка) РНБ (Фонтанка) Юношеский читальный зал Ю Ск.И(США)/Д-44 1-1862399   0.00 2017